Системна трансформація ринку фінансових активів (Запис № 571514)

МАРК-запис
000 -Лідер
fixed length control field 03052nam a22002417a 4500
003 - Ідентифікатор контрольного номера
control field UA-OsUOA
005 - Дата та час останнього входження (трансакції)
control field 20211005115526.0
008 - Елементи даних фіксованої довжини – загальна інформація
fixed length control field 211005b un ||||| |||| 00| 0 ukr d
040 ## - Джерело каталогізації
Агенція оригінальної каталогізації UA-OsUOA
Мова каталогізації ukr
Агенція, яка здійснювала перезапис UA-OsUOA
Агенція, яка здійснювала модифікацію UA-OsUOA
041 ## - Код мови
Код мови тексту/ звукової доріжки чи окремого заголовка (П) ukr
080 ## - Індекс Універсальної десяткової класифікації
Індекс Універсальної десяткової класифікації (УДК) (НП) 336.05/.06
090 ## - Локальний шифр розміщення
Класифікаційний індекс УДК 336.05/.06
095 ## - Код спеціальності для авторефератів
Код спеціальності 08.00.08
Назва спеціальності гроші , фінанси і кредит
100 ## - Основне введення – ім’я особи
Ім’я особи (НП) Любкіна О. В.
245 ## - Відомості про назву
Назва (НП) Системна трансформація ринку фінансових активів
Дані про відповідальність (НП) Любкіна Олена Вікторівна ; наук. керівник Лютий Ігор Олексійович
260 ## - Публікація, розповсюдження і т.п. (Вихідні дані)
Місце публікації, розповсюдження і т.п. (П) Київ
Дата публікації, розповсюдження і т.п. (П) 2021
300 ## - Фізичний опис
Обсяг 39 с.
502 ## - Примітка про дисертацію
Зв'язок Автореферат дисертації на здобуття наукового ступеня доктора економічних наук<br/>
Наймення інституції, що представляється Київський національний університет імені Тараса Шевченка
Рік отримання вченого ступеня 2021
520 ## - Резюме і т.п.
Резюме, реферат, анотація, тощо (НП) Визначено поняття “системна трансформація ринку фінансових активів” і її якісні параметри як форми розвитку. Розширено сферу застосування екосистемного підходу до дослідження ринку фінансових активів та конкретизовано його категоріально-понятійний апарат. Розроблено методологічні підходи до дослідження системних трансформацій ринку фінансових активів та удосконалено методичний інструментарій діагностики ринку фінансових активів, зокрема імплементовано модель із фіксованими і рандомними ефектами для формального опису зовнішніх впливів на ринок фінансових активів; адаптовано метод багатовимірного ранжування для ідентифікації найбільш впливових драйверів системних трансформацій. Визначено стратегічні напрями управління розвитком ринку фінансових активів через обґрунтування основних сфер спільного цілеспрямованого впливу стейкхолдерів регуляторної підсистеми ринку та шляхи удосконалення моделі регулювання ринку фінансових активів на основі адаптації кращих практик регулювання та на баті імплементації норм європейського й міжнародного законодавства.
650 ## - Додаткове предметне введення – тематичний термін
Джерело заголовка чи терміна UDC
Тематичний термін чи географічна назва, як елемент введення (НП) 336 Фінанси
942 ## - Додаткові елементи входу (Коха)
Source of classification or shelving scheme Universal Decimal Classification
Тип елемента Koha Автореферат
955 ## - Код типу видання за змістом
Код типу видання за змістом (НП) Наукові видання

Немає доступних примірників.